Statistics for Maisie Peters - Lost The Breakup

Click here to take the quiz!

General Stats

  • This quiz has been taken 37 times
  • The average score is 324 of 379

Answer Stats

Answer% Correct
a
100%
And,
100%
And
100%
and
100%
I
100%
last
100%
the
100%
you
100%
You
100%
but
96%
But
96%
But,
96%
lost
96%
me,
96%
me?
96%
me
96%
“Oh
96%
oh
96%
oh,
96%
shit,
96%
won
96%
be
91%
breakup
91%
breakup”
91%
Do
91%
do
91%
for
91%
I’m
91%
“I’m
91%
in
91%
it
91%
say
91%
say,
91%
so
91%
So,
91%
that
91%
That
91%
to
91%
your
91%
broke
87%
by
87%
get
87%
I’ll
87%
it’s
87%
just
87%
know
87%
like
87%
Like,
87%
love
87%
not
87%
One
87%
then,
87%
up
87%
With
87%
you’re
87%
You’re
87%
am
83%
away
83%
been
83%
day,
83%
Didn’t
83%
ex,
83%
far
83%
greatest
83%
heart
83%
how
83%
mess
83%
might
83%
month
83%
news
83%
see
83%
stay
83%
thing
83%
those
83%
tone
83%
wasted
83%
words
83%
works
83%
bar
78%
best
78%
busy
78%
drink,
78%
feeling
78%
forever
78%
gonna
78%
Got
78%
got
78%
happened
78%
her
78%
never
78%
now,
78%
obsessed
78%
press-ups
78%
repress
78%
Right
78%
together?”
78%
touch?”
78%
us
78%
wake
78%
wanna
78%
While
78%
‘bout
74%
clothes,
74%
could
74%
dealing
74%
exhausting
74%
forgetting
74%
free
74%
hey,
74%
off
74%
pretty
74%
remember
74%
some
74%
take
74%
think,
74%
You’ll
74%
you’ll
74%
dark
70%
eyes
70%
face
70%
have
70%
hurting
70%
is
70%
kinda
70%
over
70%
running
70%
smile
70%
almost
65%
certain
65%
little
65%
MIA,
65%
underground
65%
walk
65%
“Wow,
65%
Yeah,
65%
Calling
61%
into
61%
still
61%
too,
61%
true
61%
catching
57%
corner
57%
Country
57%
dancing
57%
if
57%
she
57%
Western
57%
else
52%
nothing
52%
reckon
52%
something
52%
two
52%
types:
52%
out
48%
wave
48%
dust
43%
Falling
43%
Here’s
43%
apart,
39%
Oh-oh
22%

Score Distribution

Percentile by Number Answered

Percent of People with Each Score

Your Score History

You have not taken this quiz